| 000 | 00573nam a2200193 u 4500 | ||
|---|---|---|---|
| 005 | 20230822063711.0 | ||
| 008 | 100521s2009 r 000 0 eng d | ||
| 020 | _a9788466785204 | ||
| 035 | _aUPN01000176007 | ||
| 049 | _aCG | ||
| 050 | 4 |
_aPN6071 M3 _bF7.2 |
|
| 245 | 0 | 0 |
_aFragmentos de una realidad imaginada / _ccoord. Raúl Ibáñez Torres. |
| 260 |
_aMadrid : _bAnaya, _c2009. |
||
| 300 |
_a125 p. : _bil. col. |
||
| 440 | 0 | _aFicciones matemáticas | |
| 650 | 4 |
_aMatemáticas en la literatura _912997 |
|
| 700 | 1 |
_aIbañez Torres, Raúl, _ecoord. |
|
| 905 | _aLibro | ||
| 999 |
_c148110 _d148110 |
||